| 000 | 00451nam a2200181Ia 4500 | ||
|---|---|---|---|
| 003 | GCL | ||
| 008 | 140319s9999 xx 000 0 eng d | ||
| 040 |
_aGCL / _cGCL |
||
| 082 | 0 | 4 |
_a709.51 _bK C |
| 100 | 1 | _aKEIM, JEAN A | |
| 245 | 1 | 0 |
_aCHINESE ART: SOUTHERN SUNG AND YUAN / _cKEIM, JEAN A |
| 260 |
_a[S.N] : _bMETHUEN AND CO L T D ، _c1962 |
||
| 300 | _a15 P | ||
| 650 | 0 | 4 | _aART, CANADA |
| 650 | 0 | 4 | _aARTS |
| 650 | 0 | 4 | _aCHINA |
| 942 |
_2ddc _cBK |
||
| 999 |
_c13678 _d13678 |
||